书目信息 |
| 题名: |
如何读懂一幅画
|
|
| 作者: | 仁宽 编著 | |
| 分册: | 七步图解油画 | |
| 出版信息: | 北京 中国铁道出版社有限公司 2021.4 |
|
| 页数: | 222页 | |
| 开本: | 21cm | |
| 丛书名: | ||
| 单 册: | ||
| 中图分类: | J213.051 | |
| 科图分类: | ||
| 主题词: | 油画--绘画评论--世界 | |
| 电子资源: | ||
| ISBN: | 978-7-113-27447-4 | |
| 000 | 00893nam0 2200229 45 | |
| 001 | 012001001381 | |
| 005 | 20130911111020.0 | |
| 010 | @a978-7-113-27447-4@dCNY78.00 | |
| 100 | @a20210508d2021 em y0chiy0110 ea | |
| 101 | 0 | @achi |
| 102 | @aCN@b110000 | |
| 105 | @aa z 000yy | |
| 106 | @ar | |
| 200 | 1 | @a如何读懂一幅画@Aru he du dong yi fu hua@i七步图解油画@f仁宽编著 |
| 210 | @a北京@c中国铁道出版社有限公司@d2021.4 | |
| 215 | @a222页@d21cm | |
| 330 | @a本书收录了从文艺复兴至现代在油画史上最具代表性的48幅名画,设置有“作者”“品赏”“图解油画”“细节”“技法”等栏目,从历史、艺术等多个角度来解读油画的精髓,引导读者通过细致入微的观赏方式,帮助读者了解名画背后的故事,全方位把握名画所蕴含的艺术价值。 | |
| 606 | 0 | @a油画@x绘画评论@y世界 |
| 690 | @aJ213.051@v5 | |
| 701 | 0 | @a仁宽@Aren kuan@f(1965-)@4编著 |
| 801 | @aCN@b江苏凤凰@c20211018 | |
| 905 | @b1343285-8@dJ213.051@e1343@f4 | |
| 如何读懂一幅画.七步图解油画/仁宽编著.-北京:中国铁道出版社有限公司,2021.4 |
| 222页;21cm |
| ISBN 978-7-113-27447-4:CNY78.00 |
| 本书收录了从文艺复兴至现代在油画史上最具代表性的48幅名画,设置有“作者”“品赏”“图解油画”“细节”“技法”等栏目,从历史、艺术等多个角度来解读油画的精髓,引导读者通过细致入微的观赏方式,帮助读者了解名画背后的故事,全方位把握名画所蕴含的艺术价值。 |
| ● |
| 相关链接 |
|
|
|
|
正题名:如何读懂一幅画
索取号:J213.051/1343
 
预约/预借
| 序号 | 登录号 | 条形码 | 馆藏地/架位号 | 状态 | 备注 |
| 1 | 1343285 | 213432855 | 第一样本阅览室/ [索取号:J213.051/1343] | 在馆 | |
| 2 | 1343286 | 213432864 | 第一借阅区/ [索取号:J213.051/1343] | 在馆 | |
| 3 | 1343287 | 213432873 | 第一借阅区/ [索取号:J213.051/1343] | 在馆 | |
| 4 | 1343288 | 213432882 | 第一借阅区/ [索取号:J213.051/1343] | 在馆 |